| 000 -LEADER |
| fixed length control field |
01045cam a2200253 a 4500 |
| 020 ## - INTERNATIONAL STANDARD BOOK NUMBER |
| ISBN |
9291151661 (set) |
| 020 ## - INTERNATIONAL STANDARD BOOK NUMBER |
| ISBN |
9291151351 (v. 1) |
| 020 ## - INTERNATIONAL STANDARD BOOK NUMBER |
| ISBN |
9291151491 (v. 2) |
| 020 ## - INTERNATIONAL STANDARD BOOK NUMBER |
| ISBN |
9291151521 (v. 3) |
| 040 ## - CATALOGING SOURCE |
| Transcribing agency |
DLC |
| 082 00 - DEWEY DECIMAL CLASSIFICATION NUMBER |
| Classification number |
577 ICI 2000 C142 Or. |
| 245 00 - TITLE STATEMENT |
| Title |
Grassland ecology and management in protected areas of Nepal : |
| Remainder of title |
proceedings of a workshop, Royal Bardia National Park, Thakurdwara, Bardia, Nepal, March 15-19, 1999 / |
| 260 ## - PUBLICATION, DISTRIBUTION, ETC. (IMPRINT) |
| Place of publication |
Kathmandu : |
| Name of publisher |
International Centre for Integrated Mountain Development, |
| Year of publication |
c2000. |
| 300 ## - PHYSICAL DESCRIPTION |
| Number of Pages |
3 v. : |
| Other physical details |
ill., col. maps ; |
| Dimensions |
27 cm. |
| 500 ## - GENERAL NOTE |
| General note |
"Jointly organized by Department of National Parks and Wildlife Conservation, HMG/Nepal, International Centre for Integrated Mountain Development (ICIMOD), WWF Nepal Programme." |
| 650 #0 - SUBJECT ADDED ENTRY--TOPICAL TERM |
| Topical Term |
Grassland ecology |
| 650 #0 - SUBJECT ADDED ENTRY--TOPICAL TERM |
| Topical Term |
Grasslands |
| 650 #0 - SUBJECT ADDED ENTRY--TOPICAL TERM |
| Topical Term |
Protected areas |
| 700 1# - ADDED ENTRY--PERSONAL NAME |
| Personal name |
Richard, C. |
| 710 1# - ADDED ENTRY--CORPORATE NAME |
| Corporate name or jurisdiction name as entry element |
Nepal. |
| 710 2# - ADDED ENTRY--CORPORATE NAME |
| Corporate name or jurisdiction name as entry element |
International Centre for Integrated Mountain Development. |
| 710 2# - ADDED ENTRY--CORPORATE NAME |
| Corporate name or jurisdiction name as entry element |
WWF Nepal Program. |
| 942 ## - ADDED ENTRY ELEMENTS (KOHA) |
| Koha item type |
ADB |
| 952 ## - LOCATION AND ITEM INFORMATION (KOHA) |
| Withdrawn status [LOCAL, KOHA] |
0 |